Biggest Cities in Africa (2026) - Statistics

General Stats
  • This quiz has been taken 72 times
  • The average score is 15 of 20
Answer Stats
Population (2026) City % Correct
25.56 million Cairo
98%
17.78 million Kinshasa
95%
29.05 million Lagos
95%
15.09 million Johannesburg
93%
7.79 million Algiers
88%
5.1 million Cape Town
88%
10.59 million Nairobi
88%
14.3 million Addis Ababa
85%
7.05 million Alexandria
85%
10.2 million Luanda
85%
11.37 million Dar Es Salaam
83%
6.32 million Abidjan
78%
5.35 million Casablanca
78%
7.2 million Khartoum
78%
6.25 million Accra
73%
6.71 million Kampala
70%
9.40 million Kano
65%
4.77 million Bamako
60%
8.32 million Ibadan
50%
7.99 million Onitsha
10%
No matching quizzes found
Score Distribution
Percent of People with Each Score
Percentile by Number Answered
Your Score History
You have not taken this quiz